000 01360nam0a2200337 4500
001 RU\NLR\BIBL_A\022759426
005 20260409001715.0
010 _a978-5-00252-595-9
_93000
035 _a(NLR Aleph) 022759426
090 _a13647477
_c13647477
100 _a20260319d2026 u y0rusy50 ca
101 0 _arus
102 _aRU
105 _aa z 000gy
181 0 _ab3
_bbb2e
181 0 _ai2
_baxxe
182 0 _an
200 1 _aБелая ворона Верона
_iМамина помощница
_e[для чтения взрослыми детям]
_fЮлия Весова
_g[иллюстрации Аксиньи La Paloma]
203 _aИзображение
_aТекст
_bвизуальные
_cнепосредственные
210 _aМосква
_cКлевер-Медиа-Групп, Clever
_d2026 (изгот. 2025)
215 _a[32] с.
_cцв. ил.
_d25x25
225 1 _aБелая ворона Верона
333 _a0+
686 0 _aШ9(2)60=Р7-2
700 1 _7ca
_8rus
_aВесова
_bЮ.
_f1985-
_gЮлия
_92674199
_3RU\NLR\AUTH\770283428
702 0 _4040
_7ca
_8rus
_aАксинья La Paloma
_cпсевдоним
_9186010
_3RU\NLR\AUTH\770186061
942 _cBOOK
980 _aNB